The Sino-Indian rivalry : (Record no. 760967)

MARC details
000 -LEADER
fixed length control field 01217cam a2200217 i 4500
020 ## - INTERNATIONAL STANDARD BOOK NUMBER
ISBN 9781009193535
082 00 - DEWEY DECIMAL CLASSIFICATION NUMBER
Classification number 327.510 54 GAN/S
Edition number 23/eng/20230126
100 1# - MAIN ENTRY--AUTHOR NAME
Personal name Ganguly, Sumit
Relator term author
245 14 - TITLE STATEMENT
Title The Sino-Indian rivalry :
Sub Title implications for global order /
Statement of responsibility, etc by Ĺ umit Ganguly,
260 ## - PUBLICATION, DISTRIBUTION, ETC. (IMPRINT)
Place of publication . - U K
Name of publisher : Cambridge University Press
Year of publication , 2023
300 ## - PHYSICAL DESCRIPTION
Number of Pages ix, 246 pages
Other physical details illustrations
504 ## - BIBLIOGRAPHY, ETC. NOTE
Bibliography, etc Includes bibliographical references and index.
505 2# - FORMATTED CONTENTS NOTE
Formatted contents note Part 1. -- Part 2. Spatial and Positional Considerations and Violence -- Part 3. The Evolution of the Rivalry -- Part 4. Interconnected Rivalries and Systemic Considerations -- Part 5.
520 ## - SUMMARY, ETC.
Summary, etc "This comprehensive work draws on a wide body of theoretical literature on international rivalries to explain the origins and evolution of the Sino-Indian rivalry. It argues that the Sino-Indian rivalry has systemic implications at both global and regional levels"-- Provided by publisher.
650 #0 - SUBJECT ADDED ENTRY--TOPICAL TERM
Topical Term Strategic rivalries (World politics)
650 #0 - SUBJECT ADDED ENTRY--TOPICAL TERM
Topical Term Sino-Indian Border Dispute, 1957-
700 1# - ADDED ENTRY--PERSONAL NAME
Personal name Pardesi, Manjeet Singh
700 1# - ADDED ENTRY--PERSONAL NAME
Personal name Thompson, William R.
942 ## - ADDED ENTRY ELEMENTS (KOHA)
Source of classification or shelving scheme Dewey Decimal Classification
Koha item type Book
Holdings
Withdrawn status Lost status Source of classification or shelving scheme Damaged status Not for loan Home Library Current Location Shelving location Date acquired Full call number Accession Number Price effective from Koha item type
    Dewey Decimal Classification     Dept. of Political Science Dept. of Political Science General Stacks 27/01/2026 R 327.510 54 GAN/S POL23891 23/06/2026 Book